Инженерный анализ потоков жидкости и газа в Siemens NX: учебно-методическое пособие
| Glavni avtor: | |
|---|---|
| Korporativna značnica: | |
| Izvleček: | Заглавие с титульного экрана В пособии рассмотрены примеры решения задач по анализу потоков жидкости и газа в модуле «Расширенная симуляция (Advanced Simulation)» Siemens NX. Приведено описание действий, позволяющих получить конкрет-ные результаты, провести их анализ и визуализацию. Предназначено для магистрантов, обучающихся по направлению 13.04.01 «Теплоэнергетика и теплотехника». AM_TPU_network |
| Jezik: | ruščina |
| Izdano: |
Томск, Изд-во ТПУ, 2023
|
| Teme: | |
| Online dostop: | https://www.lib.tpu.ru/fulltext2/m/2023/m40.pdf |
| Format: | MixedMaterials Elektronski Knjiga |
| KOHA link: | https://koha.lib.tpu.ru/cgi-bin/koha/opac-detail.pl?biblionumber=670538 |
MARC
| LEADER | 00000nam0a2200000 4500 | ||
|---|---|---|---|
| 001 | 670538 | ||
| 005 | 20240621094754.0 | ||
| 010 | |a 978-5-4387-1162-9 | ||
| 035 | |a (RuTPU)RU\TPU\book\379524 | ||
| 035 | |a RU\TPU\book\376890 | ||
| 090 | |a 670538 | ||
| 100 | |a 20240205d2023 m||y0rusy50 ca | ||
| 101 | 0 | |a rus | |
| 102 | |a RU | ||
| 105 | |a a j 001yy | ||
| 135 | |a drcn ---uucaa | ||
| 181 | 0 | |a i |b e | |
| 182 | 0 | |a b | |
| 183 | 0 | |a cr |2 RDAcarrier | |
| 200 | 1 | |a Инженерный анализ потоков жидкости и газа в Siemens NX |e учебно-методическое пособие |f В. В. Беспалов |g Национальный исследовательский Томский политехнический университет, Инженерная школа энергетики, Научно-образовательный центр И. Н. Бутакова (НОЦ И. Н. Бутакова) | |
| 203 | |a Текст |c электронный |b визуальный | ||
| 210 | |a Томск |d 2023 |c Изд-во ТПУ | ||
| 215 | |a 1 файл (14,6 MB, 86 с.) | ||
| 283 | |a online_resource |2 RDAcarrier | ||
| 300 | |a Заглавие с титульного экрана | ||
| 320 | |a Список литературы: с. 85 (7 назв.) | ||
| 330 | |a В пособии рассмотрены примеры решения задач по анализу потоков жидкости и газа в модуле «Расширенная симуляция (Advanced Simulation)» Siemens NX. Приведено описание действий, позволяющих получить конкрет-ные результаты, провести их анализ и визуализацию. Предназначено для магистрантов, обучающихся по направлению 13.04.01 «Теплоэнергетика и теплотехника». | ||
| 371 | 0 | |a AM_TPU_network | |
| 452 | 1 | |0 672133 |9 672133 |a Беспалов, В. В. (специалист в области информатики и вычислительной техники ; 1965-) |c Томск |d 2023 |n Изд-во ТПУ |o учебно-методическое пособие |p 86 с. |t Инженерный анализ потоков жидкости и газа в Siemens NX |y 978-5-4387-1162-9 | |
| 606 | 1 | |a Двухфазные потоки |x Теплообмен |2 stltpush |3 (RuTPU)RU\TPU\subj\63720 |9 36273 | |
| 606 | 1 | |a Компьютерное моделирование |2 stltpush |3 (RuTPU)RU\TPU\subj\69831 |9 84520 | |
| 610 | 1 | |a труды учёных ТПУ | |
| 610 | 1 | |a электронный ресурс | |
| 610 | 1 | |a Siemens NX | |
| 610 | 1 | |a Advanced Simulation | |
| 610 | 1 | |a CAD | |
| 610 | 1 | |a CAE | |
| 610 | 1 | |a САПР | |
| 610 | 1 | |a расширенная симуляция | |
| 610 | 1 | |a термодинамика | |
| 610 | 1 | |a теплопередача | |
| 610 | 1 | |a газодинамика | |
| 675 | |a 532.529.5(075.8) |v 4 | ||
| 675 | |a 004.94(075.8) |v 4 | ||
| 700 | 1 | |a Беспалов |b В. В. |c специалист в области информатики и вычислительной техники |c ведущий программист, доцент Томского политехнического университета, кандидат технических наук |f 1965- |g Виктор Владимирович |3 (RuTPU)RU\TPU\pers\26008 |9 11857 | |
| 712 | 0 | 2 | |a Национальный исследовательский Томский политехнический университет |b Инженерная школа энергетики |b Научно-образовательный центр И. Н. Бутакова (НОЦ И. Н. Бутакова) |3 (RuTPU)RU\TPU\col\23504 |
| 801 | 0 | |a RU |b 63413507 |c 20240205 |g RCR | |
| 856 | 4 | 0 | |u https://www.lib.tpu.ru/fulltext2/m/2023/m40.pdf |z https://www.lib.tpu.ru/fulltext2/m/2023/m40.pdf |
| 942 | |c CF | ||